书目信息 |
| 题名: |
吐鲁番出土文书
|
|
| 作者: | ;国家文物局古文献研究室 编 | |
| 分册: | 第五册 | |
| 出版信息: | 北京 文物出版社 1981 |
|
| 页数: | 347页 | |
| 开本: | 21cm | |
| 丛书名: | ||
| 单 册: | ||
| 中图分类: | K877.94 | |
| 科图分类: | ||
| 主题词: | 文物--考古--中国 | |
| 电子资源: | ||
| ISBN: | ||
| 000 | 00734nam0 2200229 45 | |
| 001 | 0181009702 | |
| 005 | 20051229090241.95 | |
| 010 | @dCNY2.90 | |
| 091 | @a11068.1159 | |
| 100 | @a19950623d1981 kemy0chiy0121 ea | |
| 101 | 0 | @achi |
| 102 | @aCN@b110000 | |
| 105 | @ay z 000yy | |
| 200 | 10 | @a吐鲁番出土文书@Atu lu fan chu tu wen shu@h第五册@f国家文物局古文献研究室等编@Fguo jia wen wu ju gu wen xian yan jiu shi deng bian |
| 210 | @a北京@c文物出版社@d1981 | |
| 215 | @a347页@d21cm | |
| 606 | 0 | @a文物@x考古@x中国 |
| 690 | @aK877.94 | |
| 711 | 02 | @a国家文物局古文献研究室@Aguo jia wen wu ju gu wen xian yan jiu shi@4编 |
| 801 | 2 | @aCN@bNLC@c20051229 |
| 801 | 0 | @aCN@b上海图书馆@c20040510 |
| 905 | @f2@b212502-503@dK877.94@e56 | |
| 吐鲁番出土文书.第五册/国家文物局古文献研究室等编.-北京:文物出版社,1981 |
| 347页;21cm |
| ISBN :CNY2.90 |
| ● |
| 相关链接 |
|
|
|
|
正题名:吐鲁番出土文书
索取号:K877.94/56
 
预约/预借
| 序号 | 登录号 | 条形码 | 馆藏地/架位号 | 状态 | 备注 |
| 1 | 0212502 | 001550342 | 第二样本阅览室/ [索取号:K877.94/56] | 在馆 | |
| 2 | 0212503 | 001550351 | 密集书库/ [索取号:K877.94/56] | 在馆 | |
| 3 | 0212504 | 202183528 | 密集书库/ [索取号:K877.94/56] | 在馆 |